Le rap en 2023 - Statistiques

Statistiques générales
  • Ce quiz a été pris 534 fois
  • Le résultat moyen est 12 sur 30
Statistiques - réponses
Indice Réponse % Correct
Duo de rappeur français qui font leur retour pour rendre hommage aux populations palestiniennes PNL
85%
Il est le rappeur le plus écouté dans le monde en 2023 Drake
74%
Complétez les paroles de ce titre de Heuss L'enfoiré et Gazo :
Au volant du Cayenne, une blonde comme un Saiyan
J'crois qu'c'est un ???, mais j'en veux encore
alien
68%
Rappeur britannique qui collabore avec Tiakola sur "Meridian" et Central Cee sur "Sprinter" Dave
66%
Son album "Carré" est le plus vendu de l'année 2023 en France selon le SNEP Werenoi
64%
"Cérémonie des cultures populaires" dont la première édition s'est déroulée en mai Les Flammes
63%
Artiste dont la performance du titre "Bécane" est la plus visionnée parmi les artistes français sur la plateforme "COLORS" Yamê
60%
Citez le nom d'un des artistes internationaux présents sur l'album "NI" de Ninho Lil Baby | Central Cee | Omah Lay | Ayra Starr
57%
Rappeur américain qui rempli 4 dates en France pour célébrer les 20 ans de son album "Get Rich Or Die Tryin'" 50 Cent
45%
Rappeur espagnol qui sort le titre "Se Grinta" en collaboration avec Jul sur son album "Reinsertado"
Morad
45%
Il sort l'album "DIAMANT DU BLED" en mai Zola
45%
Album de Hamza qui réalise le deuxième meilleur démarrage de l'année en France Sincèrement
41%
Citez le nom de l'un des finalistes de l'émission Netflix "Nouvelle École" saison 2 Yuz Boy | Coelho | Dau
39%
Quatrième album studio de Travis Scott, sorti en juillet Utopia
38%
Producteur américain qui signe la bande originale du film "Spider-Man: Across the Spider-Verse" et qui connaît la meilleure année de sa carrière grâce à son album "HEROES & VILLAINS" sorti en décembre 2022 Metro Boomin
37%
Album de rap français qui a fêté ses 10 ans en 2023, célébré lors du festival Les Ardentes en Belgique et dans des évènements sportifs Kaaris - Or Noir
36%
Rappeur français qui sort l'album "24" en fin d'année, fortement inspiré par la trap d'Atlanta des années 2010 La Fève
35%
Émission diffusée sur Twitch dans laquelle des rappeurs tels que Freeze Corleone ou Favé viennent promouvoir leurs albums à l'aide de freestyles et d'exclusivités DVM Show
33%
Rappeur français reconnaissable par le port d'un masque de ski, son nombre d'écoutes sur Spotify a augmenté de plus de 12 000 % en 2023 HOUDI
31%
Morceau de rap français le plus écouté de 2023 SDM - Bolide Allemand
26%
Rappeur français qui fait sont retour avec l'album "La vie en Violet" en juillet Ateyaba
25%
Rappeur algérien dont l'album "1.6" est un succès auprès du public et des critiques TIF
21%
Nom du premier album commun de Limsa d'Aulnay et ISHA Bitume Caviar (vol.1)
20%
Rappeur suisse qui signe l'album "omar chappier" et l'EP "Déjeuner en paix" en collaboration avec JeanJass Mairo
20%
Morceau de rap le plus écouté à l'international en 2023, par Doja Cat Paint The Town Red
20%
Titre le plus écouté de l'album "A Gift & a Curse" du rappeur américain Gunna, sorti de prison en décembre 2022 fukumean
17%
Complétez les paroles de ce titre de Gaulois et Ninho :
C'est pas jolie, jolie, j'crois qu'ils m'ont ché-lâ
??.??, plein de soucis mais j'suis là
??.??, plein de soucis mais j'suis là
Une fois devant, dis-moi, on fait comment?
11.43
14%
Marque de streetwear qui collabore avec Gazo et Tiakola pour la sortie de leur album commun "La mélo est gangx" Corteiz
13%
Rappeur américain qui fait son retour après 17 ans de quasi-absence en sortant l'album instrumental de flûte "New Blue Sun" André 3000
8%
Complétez les paroles de ce titre de Destroy Lonely :
If ??? could kill
Baby, I'm the fashion demon
Riding down Candler Road, and I'm speeding
I got hella h**s tryna f**k me and my bros
looks
6%
Aucun quiz correspondant
Distribution des résultats
% des personnes avec chaque résultat
Percentile par nombre de réponses
Votre historique - résultats
Vous n’avez pas pris ce quiz